Pakistan and Saudi Arabia: deference, dependence, and deterrence

Saved in:  
Bibliographic Details
Main Author: Weinbaum, Marvin G. (Author)
Contributors: Khurram, Abdullah B. (Other)
Format: Print Article
Language:English
Check availability: HBZ Gateway
Interlibrary Loan:Interlibrary Loan for the Fachinformationsdienste (Specialized Information Services in Germany)
Published: 2014
In: The Middle East journal
Year: 2014, Volume: 68, Issue: 2, Pages: 211-228
Further subjects:B Saudi Arabia
B International policy
B Political process
B Pakistan
B Islam
B Einflussgröße
B Religion
B Regional development
B Economic relations

MARC

LEADER 00000caa a22000002c 4500
001 1641074337
003 DE-627
005 20230131142940.0
007 tu
008 141106s2014 xx ||||| 00| ||eng c
035 |a (DE-627)1641074337 
035 |a (DE-576)416615570 
035 |a (DE-599)BSZ416615570 
035 |a (DE-615)00908071 
040 |a DE-627  |b ger  |c DE-627  |e rakwb 
041 |a eng 
084 |a RG04.03  |2 fivr 
084 |a RG03.15  |2 fivr 
084 |a SB01  |2 fivs 
084 |a 0  |2 ssgn 
100 1 |a Weinbaum, Marvin G.  |4 aut 
245 1 0 |a Pakistan and Saudi Arabia  |b deference, dependence, and deterrence  |c Marvin G. Weinbaum and Abdullah B. Khurram 
264 1 |c 2014 
300 |e Lit.Hinw. 
336 |a Text  |b txt  |2 rdacontent 
337 |a ohne Hilfsmittel zu benutzen  |b n  |2 rdamedia 
338 |a Band  |b nc  |2 rdacarrier 
601 |a Pakistan 
650 0 7 |0 (DE-588)4072885-7  |0 (DE-627)106093932  |0 (DE-576)209188553  |a Internationale Politik  |2 gnd 
650 0 7 |0 (DE-588)4049396-9  |0 (DE-627)106187155  |0 (DE-576)209081880  |a Religion  |2 gnd 
650 0 7 |0 (DE-588)4209283-8  |0 (DE-627)104353201  |0 (DE-576)210191112  |a Einflussgröße  |2 gnd 
650 0 7 |0 (DE-588)4027743-4  |0 (DE-627)106283499  |0 (DE-576)20897220X  |a Islam  |2 gnd 
650 0 7 |0 (DE-588)4068297-3  |0 (DE-627)104713542  |0 (DE-576)209173440  |a Wirtschaftsbeziehungen  |2 gnd 
650 0 7 |0 (DE-588)4175043-3  |0 (DE-627)10536746X  |0 (DE-576)209960949  |a Politischer Prozess  |2 gnd 
650 0 7 |0 (DE-588)4076605-6  |0 (DE-627)106082523  |0 (DE-576)20920236X  |a Regionalentwicklung  |2 gnd 
651 7 |0 (DE-588)4075812-6  |0 (DE-627)10413139X  |0 (DE-576)209199652  |a Pakistan  |2 gnd 
651 7 |0 (DE-588)4051788-3  |0 (DE-627)106175270  |0 (DE-576)209095148  |a Saudi-Arabien  |2 gnd 
700 1 |a Khurram, Abdullah B.  |4 oth 
773 0 8 |i In  |t The Middle East journal  |d Washington, DC : Inst., 1947  |g 68(2014), 2, Seite 211-228  |w (DE-627)129081736  |w (DE-600)3507-5  |w (DE-576)014414643  |x 0026-3141  |7 nnas 
773 1 8 |g volume:68  |g year:2014  |g number:2  |g pages:211-228 
936 f i |0 (DE-627)1756133859  |a RG04.03  |b Pakistan  |k Naher und Mittlerer Osten und Nordafrika  |k Westasien  |k Pakistan  |2 fivr 
936 f i |0 (DE-627)1756133794  |a RG03.15  |b Saudi-Arabien  |k Naher und Mittlerer Osten und Nordafrika  |k Arabische Halbinsel  |k Saudi-Arabien  |2 fivr 
936 f i |0 (DE-627)1756135290  |a SB01  |b Internationale Beziehungen/Prozesse  |k Internationale(s) Politik/System  |k Internationale Beziehungen/Prozesse  |2 fivs 
938 1 0 |0 (DE-627)1756198179  |0 (DE-615)6600883  |a Pakistan  |2 fivt 
938 1 0 |0 (DE-627)1756163960  |0 (DE-615)6601939  |a Saudi-Arabien  |2 fivt 
938 1 0 |0 (DE-627)175616732X  |0 (DE-615)6609071  |a Bilaterale internationale Beziehungen  |2 fivt 
938 1 0 |0 (DE-627)1756207208  |0 (DE-615)6605266  |a Religiöse Faktoren  |2 fivt 
938 1 0 |0 (DE-627)1756169551  |0 (DE-615)6605656  |a Islam  |2 fivt 
938 1 0 |0 (DE-627)1756169241  |0 (DE-615)6609603  |a Wirtschaftsbeziehungen zwischen Ländern  |2 fivt 
938 1 0 |0 (DE-627)1756169810  |0 (DE-615)6608643  |a Regionale internationale Beziehungen  |2 fivt 
938 1 0 |0 (DE-627)1756168962  |0 (DE-615)6608728  |a Regionale internationale Prozesse und Tendenzen  |2 fivt 
951 |a AR 
ELC |b 1 
ITA |a 1  |t 1 
ORI |a SA-MARC-ixtheo_oa001.raw 
REL |a 1 
STA 0 0 |a Economic relations,Foreign economic relations,International economic relations,International policy,International relations,Islam,Islam,Political process,Regional development,Community development,Religion,Religion in literature,Religions,Religion,Saudi Arabia 
STB 0 0 |a Développement régional,Islam,Islam,Politique internationale,Procès politique,Relations économiques,Religion,Religions,Religion 
STC 0 0 |a Desarrollo regional,Islam,Islam,Política internacional,Proceso político,Relaciones económicas,Religión,Religión,Religión 
STD 0 0 |a Islam,Islam,Politica internazionale,Processo politico,Relazioni economiche,Religione,Religione,Religione,Sviluppo regionale 
STE 0 0 |a 伊斯兰教,伊斯兰教,回教,回教,区域发展,地区发展,地域发展,国际政策,宗教,宗教,经济关系 
STF 0 0 |a 伊斯蘭教,伊斯蘭教,回教,回教,區域發展,地區發展,地域發展,國際政策,宗教,宗教,經濟關係 
STG 0 0 |a Desenvolvimento regional,Islã,Islã,Política internacional,Processo político,Relações econômicas,Religião,Religião 
STH 0 0 |a Ислам (мотив),Ислам,Международная политика,Политический процесс,Региональное развитие,Религия,Религия (мотив),Экономические отношения 
STI 0 0 |a Διεθνής πολιτική,Θρησκεία,Θρησκεία (μοτίβο),Ισλάμ (μοτίβο),Ισλάμ,Οικονομικές σχέσεις,Πολιτική διαδικασία,Τοπική ανάπτυξη,Περιφερειακή ανάπτυξη 
SUB |a REL 
SYE 0 0 |a Internationale Beziehungen,Politische Beziehungen,Zwischenstaatliche Beziehungen , Religion,Mystik,Mythologie , Einflussfaktor , Islam , Multilaterale Wirtschaftsbeziehungen,Internationale Wirtschaftsbeziehungen,Zwischenstaatliche Wirtschaftsbeziehungen,Bilaterale Wirtschaftsbeziehungen,Wirtschaftsbeziehung,Außenwirtschaftsbeziehungen,Außenwirtschaft , Region,Regionale Entwicklung 
SYF 0 0 |a West-Pakistan,Dominion of Pakistan,Government of Pakistan,Central Government of Pakistan,Islamic Republic of Pakistan,Islamische Republik Pakistan,West Pakistan , Al- Mamlaka al-Arabijja as-Saudijja,Königreich Saudi-Arabien,Saudiarabien,Royaume d'Arabie Saoudite,Arabie Saoudite,al- Mamlaka al-ʿArabīya as-Suʿūdīya,al- Mamlaka al-ʿArabīya as-Saʿūdīya,Al- Mamlaka al-'Arabaīya as Su'udīya,as- Suʿūdīya,as- Saʿūdīya,al- Mamlaka al-ʿArabīyya as-Saʿūdīyya,Al- Arabijja As Saudijja,Saudi Arabia,Kingdom of Saudi Arabia,Royaume d'Arabie Séoudite,Saudi Arabian Kingdom,Saudi-Arabia,al- ʾArabīya as-Saūdīya,Mamlaka al-ʾArabīya as-Saūdīya,Arabie Séoudite,Royaume de l'Arabie Saoudite